Catálogo

LOS ENREDOS DE REMESAL : (Registro nro. 57694)

Detalles MARC
000 -LEADER
fixed length control field 00965nam a2200205 a 4500
001 - CONTROL NUMBER
control field 57694
005 - DATE AND TIME OF LATEST TRANSACTION
control field 20180714054003.0
008 - FIXED-LENGTH DATA ELEMENTS--GENERAL INFORMATION
fixed length control field 140415s1992 mx 000 0 spa d
020 ## - INTERNATIONAL STANDARD BOOK NUMBER
International Standard Book Number 9682937876
041 ## - LANGUAGE CODE
Language code of text/sound track or separate title spa
082 ## - DEWEY DECIMAL CLASSIFICATION NUMBER
Classification number 972.75
Item number DEV
100 1# - MAIN ENTRY--PERSONAL NAME
Personal name VOS, JAN DE
245 14 - TITLE STATEMENT
Title LOS ENREDOS DE REMESAL :
Remainder of title ENSAYO SOBRE LA CONQUISTA DE CHIAPAS
250 ## - EDITION STATEMENT
Edition statement 1a ed.
260 ## - PUBLICATION, DISTRIBUTION, ETC.
Place of publication, distribution, etc. MEXICO :
Name of publisher, distributor, etc. CONSEJO NACIONAL PARA LA CULTURA Y LAS ARTES,
Date of publication, distribution, etc. 1992
300 ## - PHYSICAL DESCRIPTION
Extent 485
Dimensions 13.5 x 1.4 x 21
490 ## - SERIES STATEMENT
Series statement REGIONES
520 ## - SUMMARY, ETC.
Summary, etc. EL TRABAJO DE JAN DE VOS, RESULTADO DE UNA LABOR DE DETECTIVISMO HISTORIOGRAFICO, INVITA AL LECTOR A DESENLAZAR LOS MULTIPLES ENREDOS CREADOS POR REMESAL. ASI, ESTE ENSAYO CONSTITUYE NO SOLO UNA ORIGINAL APORTACION A LA HISTORIA COLONIAL CHIAPANECA , SINO ADEMAS UN DIVERTIDO EJERCICIO DE ANALISIS DE FUENTES.
650 14 - SUBJECT ADDED ENTRY--TOPICAL TERM
Topical term or geographic name entry element CHIAPAS (MEXICO)
General subdivision HISTORIA
-- CHIAPAS (MEXICO)
-- HISTORIOGRAFIA
-- MEXICO
-- HISTORIA
-- CONQUISTA, 1519
-- 1540
Existencias
Withdrawn status Lost status Source of classification or shelving scheme Damaged status Not for loan Collection code Home library Current library Shelving location Date acquired Source of acquisition Inventory number Total Checkouts Full call number Barcode Date last seen Price effective from Koha item type
    Dewey Decimal Classification     General Biblioteca Karol Wojtyla Biblioteca Karol Wojtyla Sala general 03/12/2013 Compra 151000000000000000038258   972.75 DEV 87184 05/01/2026 03/12/2013 Libro